Niyama Vijnana Kosam (Record no. 9430)

MARC details
000 -LEADER
fixed length control field 00562nam a22001817a 4500
005 - DATE AND TIME OF LATEST TRANSACTION
control field 20091026121334.0
008 - FIXED-LENGTH DATA ELEMENTS--GENERAL INFORMATION
fixed length control field 091026t xxu||||| |||| 00| 0 eng d
020 ## - INTERNATIONAL STANDARD BOOK NUMBER
International Standard Book Number 81-264-0710-7
080 ## - UNIVERSAL DECIMAL CLASSIFICATION NUMBER
Universal Decimal Classification number 34(03)=M
Item number SAT"2004"
100 ## - MAIN ENTRY--PERSONAL NAME
Personal name Sathyavan Nair, V.K.
245 ## - TITLE STATEMENT
Title Niyama Vijnana Kosam
250 ## - EDITION STATEMENT
Edition statement 5th ed.
260 ## - PUBLICATION, DISTRIBUTION, ETC. (IMPRINT)
Place of publication, distribution, etc Kottayam
Name of publisher, distributor, etc D.C.Books
Date of publication, distribution, etc 2004
300 ## - PHYSICAL DESCRIPTION
Extent 656p.
653 ## - INDEX TERM--UNCONTROLLED
Uncontrolled term Law-encyclopaedia
942 ## - ADDED ENTRY ELEMENTS (KOHA)
item type Reference
260 ## - PUBLICATION, DISTRIBUTION, ETC. (IMPRINT)
-- 7210
Holdings
Lost status Source of classification or shelving scheme Not for loan Home library Current library Date acquired Total Checkouts Full call number Barcode Date last seen Price effective from Koha item type
  Universal Decimal Classification   University Library University Library 26/10/2009   34(03)=M SAT"2004" 00053856 26/10/2009 26/10/2009 Reference
University Library, CUSAT